Normal view
MARC view
Entry Personal Name
001 - CONTROL NUMBER
- control field: 48160
003 - CONTROL NUMBER IDENTIFIER
- control field: ARRUPE
005 - DATE AND TIME OF LATEST TRANSACTION
- control field: 20190919105013.0
008 - FIXED-LENGTH DATA ELEMENTS
- fixed length control field: 190919|| aca||aabn | a|a d
040 ## - CATALOGING SOURCE
- Original cataloging agency: ARRUPE
- Transcribing agency: ARRUPE
100 ## - HEADING--PERSONAL NAME
- Personal name: Dekwende, Trust
670 ## - SOURCE DATA FOUND
- Source citation: Work cat.: (ARRUPE): Dekwende, Trust, Kant's cosmopolilitan ideal of peace and its implications on commerce and international trade: with special reference to Zimbabwe and WTO, 2014